Carregant...
Ultrasonics
| Autor principal: | |
|---|---|
| Format: | Printed Book |
| Publicat: |
Bristol, Adam Hilger
1979
|
| Col·lecció: | Medical physics handbooks
|
| LEADER | 004510000a22001570004500 | ||
|---|---|---|---|
| 020 | |a 0-85274-506-0 | ||
| 082 | |a 610.28 L9 | ||
| 100 | |a Woodcock, J P | ||
| 245 | |a Ultrasonics | ||
| 260 | |a Bristol, Adam Hilger | ||
| 260 | |c 1979 | ||
| 465 | |a P 18 | ||
| 490 | |a Medical physics handbooks |c 1 | ||
| 942 | |c BK | ||
| 999 | |c 9780 |d 9780 | ||
| 952 | |0 0 |1 0 |4 0 |6 610_280000000000000_L9 |7 0 |8 ENG |9 9575 |a MGUL |b MGUL |d 2013-07-16 |e P 18 |l 0 |o 610.28 L9 |p 10005 |r 2019-03-26 |w 2013-07-16 |y BK | ||